Matemática Superior VI / (Record no. 22742)

000 -CABECERA
fixed length control field 01102nam a22002777i 4500
003 - IDENTIFICADOR DEL NÚMERO DE CONTROL
control field AR-CdUCM
008 - DATOS DE LONGITUD FIJA--INFORMACIÓN GENERAL
fixed length control field 231026b20212021pe a|||| |||| 001 0 spa d
020 ## - NÚMERO INTERNACIONAL ESTÁNDAR DEL LIBRO
ISBN 978-612-48371-1-1
040 ## - FUENTE DE LA CATALOGACIÓN
Agencia/entidad que catalogó originalmente la obra MUNICIPALIDAD PROVINCIAL DEL CUSCO
Entidad que transcribió la catalogación BIBLIOTECA MUNICIPAL DEL CUSCO
082 ## - NÚMERO DE LA CLASIFICACIÓN DECIMAL DEWEY
No. de Clasificación 510.7 / M26 / V.I
Notacion interna M26 / V.I
100 ## - ENTRADA PRINCIPAL--NOMBRE DE PERSONA
Nombre Personal Marconi Quispe, Paco Wilson
245 ## - MENCIÓN DE TÍTULO
Título Matemática Superior VI /
260 ## - PUBLICACIÓN, DISTRIBUCIÓN, ETC.
Lugar de publicación, distribución, etc. La Convención-Cusco :
Nombre de la editorial, distribuidor, etc. Universidad Nacional Intercultural de Quillabamba,
Fecha de publicación, distribución, etc. 2021.
300 ## - DESCRIPCIÓN FÍSICA
Nº de Páginas Extensión 221 páginas. :
Dimensiones 20 cm.
505 ## - NOTA DE CONTENIDO CON FORMATO
Nota de contenido formateada Vectores en el plano cartesiano -- Proyección de vectores -- La circunferencia -- Regla de sarrus -- Números complejos -- Matrices y determinantes -- Método de gauss -- Programación lineal
650 ## - PUNTO DE ACCESO ADICIONAL DE MATERIA--TÉRMINO DE MATERIA
Descriptor Vectores, la recta
9 (RLIN) 49048
650 ## - PUNTO DE ACCESO ADICIONAL DE MATERIA--TÉRMINO DE MATERIA
Descriptor La parábola
9 (RLIN) 49049
650 ## - PUNTO DE ACCESO ADICIONAL DE MATERIA--TÉRMINO DE MATERIA
Descriptor Sistema de ecuaciones
9 (RLIN) 49050
650 ## - PUNTO DE ACCESO ADICIONAL DE MATERIA--TÉRMINO DE MATERIA
Descriptor Matrices y determinantes
9 (RLIN) 49051
650 ## - PUNTO DE ACCESO ADICIONAL DE MATERIA--TÉRMINO DE MATERIA
Descriptor Números complejos
9 (RLIN) 18657
650 ## - PUNTO DE ACCESO ADICIONAL DE MATERIA--TÉRMINO DE MATERIA
Descriptor La circunferencia
9 (RLIN) 49052
856 ## - LOCALIZACIÓN Y ACCESO ELECTRÓNICOS
Dirección electrónica http://www.unig.pe
942 ## - ELEMENTOS DE PUNTO DE ACCESO ADICIONAL (KOHA)
Fuente de clasificación
Tipo de item Libros-BMC
945 ## - PROCESAMIENTO DE INFORMACIÓN LOCAL (OCLC)
Catalogador pebm
AAAA-MM-DD - Fecha de ingreso o modificacion 2023-10-26
Holdings
Estado de retiro (separado) Fuente de clasificación o esquema de estanterías Estado dañado Ubicación Sala donde se ubica Nombre de la colección Fecha de adquisición o compra Fuente de adquisición Costo, precio normal en soles Signatura topográfica Código de Barras Última vez visto (Koha) Tipo de ítem (Koha)
No     Sala Ciencias Sala Ciencias Book Cart 2023-10-26 Donación 20.00 510.7 / M26 / V.I SC0000002372 2023-10-26 Libros-BMC

Powered by Koha